| Tag |
First Indicator |
Second Indicator |
Subfields |
| LEADER |
00000cam a2200000 a 4500 |
| 001 |
in00000012302 |
| 005 |
20151007051812.0 |
| 008 |
850506s1985 ne af b 00010 eng |
| 010 |
|
|
|a 85151584
|
| 020 |
|
|
|a 9004071598 :
|c fl. 42.00
|
| 035 |
|
|
|a (OCoLC)12423869
|
| 035 |
|
|
|9 AAA4863AM
|
| 040 |
|
|
|a DLC
|c DLC
|d m/c
|d TXA
|d UtOrBLW
|
| 043 |
|
|
|a e-gr---
|
| 049 |
|
|
|a TXAM
|c [A11045167]
|
| 050 |
0 |
0 |
|a ND2570
|b .B78 1985
|
| 082 |
0 |
|
|a 751.7/3/093915
|2 19
|
| 100 |
1 |
|
|a Bruno, Vincent J.
|
| 245 |
1 |
0 |
|a Hellenistic painting techniques :
|b the evidence of the Delos fragments /
|c by Vincent J. Bruno.
|
| 264 |
|
1 |
|a Leiden :
|b E.J. Brill,
|c 1985.
|
| 300 |
|
|
|a viii, 66 pages, 17 unnumbered pages of plates :
|b illustrations (some color) ;
|c 25 cm.
|
| 336 |
|
|
|a text
|b txt
|2 rdacontent
|
| 337 |
|
|
|a unmediated
|b n
|2 rdamedia
|
| 338 |
|
|
|a volume
|b nc
|2 rdacarrier
|
| 490 |
1 |
|
|a Columbia studies in the classical tradition ;
|v v. 11
|
| 504 |
|
|
|a Bibliography: pages [65]-66.
|
| 650 |
|
0 |
|a Mural painting and decoration, Hellenistic
|z Greece
|z Delos Island.
|
| 650 |
|
0 |
|a Mural painting and decoration
|x Technique.
|
| 651 |
|
0 |
|a Delos Island (Greece)
|x Antiquities.
|
| 651 |
|
0 |
|a Greece
|x Antiquities.
|
| 830 |
|
0 |
|a Columbia studies in the classical tradition ;
|v v. 11.
|
| 999 |
|
|
|a MARS
|
| 999 |
f |
f |
|s cc9c4a20-805f-37f9-85a4-28028656ffeb
|i 36ed69dd-3cf6-3d0e-8e84-052d24bb9aef
|t 0
|
| 952 |
f |
f |
|p normal
|a Texas A&M University
|b College Station
|c Sterling C. Evans Library
|d Evans: Library Stacks
|t 0
|e ND2570 .B78 1985
|h Library of Congress classification
|i unmediated -- volume
|m A14811045167
|
| 998 |
f |
f |
|a ND2570 .B78 1985
|t 0
|l Evans: Library Stacks
|